000 00460nam a22001697a 4500
003 OSt
005 20260126073557.0
008 260126b |||||||| |||| 00| 0 eng d
020 _a9780545152914
040 _aDWCL-Main Lib
_cOC
082 _aFic. C287 2009
100 _aCarman, Patrick
245 _aThe 39 clues 5 : the black circle
260 _aNew York :
_b Scholastic,
_cc2009.
300 _a168 pages. :
_billustration. ;
_c20 cm.
942 _2ddc
_cFIC.
_n0
999 _c7817
_d7817